Harry Potter Spells - Statistics

General Stats
  • This quiz has been taken 3,645 times
    3,643 since last reset
  • The average score is 13 of 20
Answer Stats
Hint Answer % Correct
Lights the wand tip Lumos
97%
An unforgivable curse which causes extreme pain (Incantation) Crucio
93%
Disarms your Opponent Expelliarmus
92%
Kills the Opponent (Incantation) Avada Kedavra
90%
The Summoning Charm Accio
87%
Puts the Opponent at your full control (Incantation) Imperio
86%
Think of something happy, and say Expecto Patronum
84%
Extinguishes a lit wand tip Nox
81%
Makes small objects hover or float in the air Wingardium Leviosa
81%
Stuns the opponent Stupefy
73%
Hermione uses this to mend Harry's glasses Reparo
66%
'For Enemies' Sectumsempra
64%
Creates Water Aguamenti
58%
A charm to protect you against most simple hexes and spells Protego
57%
Unlocks most locked doors Alohamora
56%
Fends off a Boggart Riddikulus
54%
Creates Fire Incendio
46%
Creates the Dark Mark in the air Morsmordre
33%
Harry uses this in duelling club against Draco Malfoy Rictumsempra
15%
Ron attempts to use this spell on the Hogwarts Express in Philosopher's (Sorceror's) Stone Sunshine, Daisies, Butter Mellow, Turn this stupid fat rat yellow
13%
No matching quizzes found
Score Distribution
Percent of People with Each Score
Percentile by Number Answered
Your Score History
You have not taken this quiz since the last reset